[Event "ch-SCG w"]
[Site "Pancevo SCG"]
[Date "2005.04.23"]
[Round "6"]
[White "Chelushkina,I"]
[Black "Vasic,M"]
[Result "1/2-1/2"]
[WhiteElo "2369"]
[BlackElo "2180"]

1.c4 c6 2.Nf3 d5 3.e3 Nf6 4.b3 Bf5 5.Bb2 e6 6.Be2 Bd6 7.d3 h6 8.Nbd2 O-O
9.O-O Qe7 10.e4 dxe4 11.dxe4 Nxe4 12.Nxe4 Bxe4 13.Qd4 Qf6 14.Qxf6 gxf6 15.Bxf6 Nd7
16.Bh4 Ne5 17.Rad1 Bc7 18.Nxe5 Bxe5 19.Bd3 Bxd3 20.Rxd3 f6 21.Rfd1 Rf7 22.Kf1 c5
23.Rh3 Kh7 24.Bg3 Bxg3 25.Rxg3 Rg8 26.Rxg8 Kxg8 27.Rd6 Re7 28.Ke2 Kf7 29.Kf3 f5
30.Rd8 Kf6 31.Rh8 Kg7 32.Rc8 b6 33.Ke2 Rd7 34.f3 Kf6 35.g3 Kg6 36.a4 Rb7
37.Rg8+ Kf6 38.Ke3 Re7 39.Rh8 Kg5 40.h4+ Kg6 41.g4 Rd7 42.h5+ Kg7 43.Re8 fxg4
44.fxg4 Rd4 45.Rxe6 Rxg4 46.Re7+ Kf6 47.Rxa7 Rg3+ 48.Kf4 Rxb3 49.Rh7 Rb4
50.Rxh6+ Kg7 51.Kg5 Rxc4 52.Rxb6 Rxa4 53.Rb7+ Kg8 54.Rb8+ Kg7 55.Rb7+  1/2-1/2

[Event "Torch Real Estate Cup"]
[Site "Jinan CHN"]
[Date "2005.04.24"]
[Round "5"]
[White "Ju Wenjun"]
[Black "Xu Yuanyuan"]
[Result "0-1"]
[WhiteElo "2281"]
[BlackElo "2418"]

1.c4 c6 2.d4 d5 3.Nf3 Nf6 4.Nc3 dxc4 5.a4 Bf5 6.Ne5 Na6 7.e3 Nb4 8.Bxc4 e6
9.O-O Bd6 10.Nd3 Bxh2+ 11.Kxh2 Ng4+ 12.Kg3 Qg5 13.Kf3 Nxd3 14.e4 Nxc1 15.Qxc1 Qh5
16.Rh1 Nh2+  0-1

[Event "TCh-RUS w"]
[Site "Sochi RUS"]
[Date "2005.04.26"]
[Round "8"]
[White "Chernova,A"]
[Black "Molchanova,T"]
[Result "0-1"]
[WhiteElo "2081"]
[BlackElo "2315"]

1.c4 c6 2.Nf3 d5 3.b3 Bg4 4.d4 Bxf3 5.exf3 g6 6.cxd5 Qxd5 7.Nc3 Qa5 8.Bd2 Bg7
9.Ne4 Qb6 10.Bc3 Nf6 11.Qd2 Nd5 12.Bb2 O-O 13.Bc4 Rd8 14.O-O Na6 15.Rad1 Nac7
16.Nc5 Ne8 17.Bxd5 Rxd5 18.Qe3 Qc7 19.Ne4 Rad8 20.Rd2 Bh6 21.Qe2 Bxd2 22.Qxd2 Ng7
23.Ng3 Ne6 24.Ne2 c5 25.Rc1 Qd7 26.Nf4 Nxf4 27.Qxf4 cxd4 28.Rc7 Qe6 29.Qd2 Re5
30.Kf1 Qa6+ 31.Rc4 Rc5 32.Qd3 Rxc4  0-1

[Event "2nd Open"]
[Site "Porto Carras GRE"]
[Date "2005.04.27"]
[Round "8"]
[White "Zysk,R"]
[Black "Sanduleac,V"]
[Result "0-1"]
[WhiteElo "2462"]
[BlackElo "2482"]

1.c4 c6 2.Nf3 d5 3.e3 Nf6 4.Nc3 a6 5.b3 Bg4 6.Bb2 Nbd7 7.h3 Bxf3 8.Qxf3 e6
9.Qd1 Bd6 10.d4 O-O 11.Be2 Qe7 12.Bf3 Ba3 13.Bxa3 Qxa3 14.Qd2 Qe7 15.O-O Rad8
16.cxd5 exd5 17.Qc2 Nb6 18.Ne2 Nc8 19.Nf4 Nd6 20.Nd3 Nfe4 21.Rae1 Rde8 22.Kh2 g6
23.Bd1 Nf5 24.Bg4 Ng7 25.Bf3 Nd6 26.Nc5 Ne6 27.Nd3 Kg7 28.Bd1 Qc7 29.Kg1 Re7
30.Bg4 Ng5 31.Nf4 Nge4 32.Rc1 Qa5 33.Rfd1 Rfe8 34.Nd3 Qd8 35.Bf3 Ng5 36.Be2 f6
37.Bf1 Ne6 38.Nc5 Nxc5 39.dxc5 Nf7 40.Rd4 Qc7 41.b4 Re4 42.Rcd1 Ng5 43.h4 Rxd4
44.exd4 Ne6 45.Qd2 Qf4 46.g3 Qxd2 47.Rxd2 Kf7 48.f3 f5 49.Kf2 f4 50.Bh3 fxg3+
51.Kxg3 Ng7 52.a4 Nh5+ 53.Kf2 Nf4 54.Bf1 Kf6 55.Ra2 h6 56.b5 axb5 57.axb5 Ne6
58.Ra4 g5 59.hxg5+ Kxg5 60.b6 h5 61.Ra7 Rb8 62.Ke3 h4 63.Bh3 Nf4 64.Bd7 h3
65.Kf2 Kh4 66.Ra1 Rg8 67.Ke3 Kg3 68.Rg1+ Ng2+ 69.Kd2 h2 70.Rf1 Rd8 71.Bg4 Re8
72.Bd7 Re1 73.Rxe1 Nxe1 74.Bxc6 Nxf3+ 75.Kc3 h1=Q  0-1

[Event "62nd ch-POL"]
[Site "Poznan POL"]
[Date "2005.04.29"]
[Round "8"]
[White "Kempinski,R"]
[Black "Grabarczyk,M"]
[Result "1/2-1/2"]
[WhiteElo "2627"]
[BlackElo "2487"]

1.c4 c6 2.e4 d5 3.exd5 Nf6 4.d4 cxd5 5.Nc3 e6 6.Nf3 Bb4 7.cxd5 exd5 8.Qa4+ Nc6
9.Bb5 Bd7 10.O-O Bxc3 11.bxc3 O-O 12.Bg5 a6 13.Bxc6 Bxc6 14.Qb4 Re8 15.Ne5 Qc8
16.Bxf6 gxf6 17.Nf3 Bb5 18.Rfe1 Qc7 19.Nh4 Bd3 20.g3 Rac8 21.Ng2 Be4 22.Nf4 Bf3
23.Rac1 Kg7 24.Re3 Rxe3 25.fxe3 Qd7 26.Qb2 Rc6 27.Qf2 Be4 28.Nh5+ Kg6 29.Nf4+ Kg7
30.Nh5+ Kg6 31.Qe2 Qf5 32.Nf4+ Kg7 33.Rf1 Kg8 34.Qb2 Qc8 35.Nh5  1/2-1/2

[Event "10th Cvitanovic Mem"]
[Site "Split CRO"]
[Date "2005.05.02"]
[Round "3"]
[White "Kurajica,B"]
[Black "Videki,S"]
[Result "1-0"]
[WhiteElo "2539"]
[BlackElo "2405"]

1.c4 c6 2.e4 d5 3.exd5 cxd5 4.cxd5 Nf6 5.Nc3 Nxd5 6.Nf3 Nxc3 7.bxc3 g6 8.h4 h6
9.d4 Bg7 10.Bf4 Nd7 11.Qd2 b6 12.Be2 Bb7 13.O-O Rc8 14.Rac1 h5 15.d5 O-O
16.c4 Nc5 17.Rfd1 e6 18.d6 Bc6 19.Qe3 Nd7 20.Bg5 Bf6 21.Nd2 Bb7 22.Nb3 Bxg5
23.hxg5 Nc5 24.f4 Qd7 25.Rd4 Rfe8 26.Rcd1 e5 27.fxe5 Nxb3 28.axb3 Rc5 29.Rd5 Bxd5
30.Rxd5 Rxd5 31.cxd5 Qf5 32.e6 Qxd5 33.Bc4 Qd1+ 34.Kf2 fxe6 35.Bxe6+ Kh7
36.Qf4 Qc2+ 37.Kg1 Qc5+ 38.Kh1 Qb5 39.d7  1-0

[Event "Open A"]
[Site "Djakovo CRO"]
[Date "2005.05.04"]
[Round "6"]
[White "Dumpor,A"]
[Black "Avdic,A"]
[Result "1-0"]
[WhiteElo "2324"]
[BlackElo "2304"]

1.c4 c6 2.Nf3 d5 3.e3 Nf6 4.b3 Bg4 5.h3 Bh5 6.Bb2 Nbd7 7.Be2 e6 8.O-O Bd6
9.d4 O-O 10.Nbd2 Re8 11.Ne5 Bxe2 12.Qxe2 Rc8 13.c5 Bb8 14.f4 Nf8 15.b4 N6d7
16.Qh5 Qe7 17.a4 f6 18.Nd3 e5 19.dxe5 fxe5 20.Rae1 e4 21.Nf2 Nf6 22.Qh4 a5
23.bxa5 N8d7 24.Nb3 Ba7 25.Rc1 Nxc5 26.Ba3 Nfd7 27.Qxe7 Rxe7 28.Nxc5  1-0

[Event "ch-FRA Top 16 Poule Basse"]
[Site "Port Barcares FRA"]
[Date "2005.05.04"]
[Round "8"]
[White "Desanlis,A"]
[Black "Gregoire,S"]
[Result "0-1"]
[WhiteElo "1854"]
[BlackElo "2280"]

1.c4 c6 2.g3 Nf6 3.Bg2 e5 4.d4 e4 5.Nc3 Bb4 6.Qb3 Bxc3+ 7.Qxc3 O-O 8.Nh3 h6
9.O-O d5 10.f3 Bf5 11.Nf2 Re8 12.fxe4 Nxe4 13.Nxe4 Bxe4 14.Bxe4 Rxe4 15.Qf3 Qe7
16.cxd5 cxd5 17.Qf5 Nc6 18.e3 Rd8 19.Bd2 g6 20.Qf6 h5 21.Rf4 Qxf6 22.Rxf6 Ne7
23.Rc1 Kg7 24.Rf3 Rd7 25.Rf4 Re6 26.Rff1 Nf5 27.Rfe1 Nd6 28.b3 Ne4 29.Bb4 a5
30.Bxa5 Ra6 31.Rc7 Rxc7 32.Bxc7 Rxa2 33.Rc1 Rb2 34.Be5+ f6 35.Bf4 g5 36.Bb8 Rxb3
37.Rc7+ Kg6 38.Rd7 Rb1+ 39.Kg2 Rb2+ 40.Kg1 Rb5 41.Ba7 h4 42.gxh4 gxh4 43.Kg2 Ng5
44.Bc5 Rb2+ 45.Kf1 Rxh2 46.Rxb7 h3 47.Bf8 Kf5 48.Rd7 Rh1+ 49.Kf2 Ne4+  0-1

[Event "ch-FRA Top 16 Poule Basse"]
[Site "Port Barcares FRA"]
[Date "2005.05.04"]
[Round "8"]
[White "Berkes,F"]
[Black "Prie,E"]
[Result "1-0"]
[WhiteElo "2617"]
[BlackElo "2447"]

1.c4 c6 2.e4 e5 3.Nf3 Qc7 4.d4 Bb4+ 5.Bd2 Bxd2+ 6.Qxd2 d6 7.Nc3 Ne7 8.g3 Bg4
9.Bg2 Nd7 10.O-O f6 11.Ne1 Nb6 12.b3 Rd8 13.Nc2 O-O 14.f4 a6 15.Ne3 Be6 16.d5 Bc8
17.f5 Kh8 18.h4 c5 19.g4 Bd7 20.Rf3 Na8 21.Rg3 Ng8 22.g5 Rb8 23.Kh2 Qd8 24.Rg1 Qe7
25.Bf3 Nc7 26.Bh5 Be8 27.Bd1 Bd7 28.Qg2 Ne8 29.Nb1 b5 30.Nd2 Rb7 31.Nf3 b4
32.h5 fxg5 33.Nxg5 Nh6 34.Qh3 Nf6 35.Bf3 a5 36.Ng2 a4 37.Nh4 Rg8 38.Qg2 a3
39.Qd2 Bc8 40.Kh3 Rc7 41.R1g2 Qe8 42.Qd1 Qe7 43.Kh2 Rb7 44.Kg1 Ra7 45.Kf1 Rb7
46.Qd2 Ra7 47.Ke1 Rb7 48.Kd1 Ra7 49.Kc1 Rb7 50.Rh2 Rf8 51.Rh1 Ra7 52.Rgh3 Nfg8
53.Rd1 Nf6 54.Rg3 Rb7 55.Qe3 Ra7 56.Rdg1 Rg8 57.R3g2 Rb7 58.Kc2 Ra7 59.Qe1 Rb7
60.Kd3 Ra7 61.Ne6 Bxe6 62.fxe6 Raa8 63.Rg6 Raf8 64.Rxh6 gxh6 65.Nf5 Rxg1
66.Qxg1 Rg8 67.Qxc5 dxc5 68.Nxe7 Ne8 69.Nf5 Rf8 70.Bg4 Kg8 71.Ke3 Rxf5 72.exf5 Kg7
73.Ke4 Nd6+ 74.Kxe5 Nxc4+ 75.bxc4 b3 76.f6+  1-0

[Event "23rd Liechtenstein Open"]
[Site "Triesen LIE"]
[Date "2005.05.04"]
[Round "6"]
[White "Laske,E"]
[Black "Ballon,G"]
[Result "0-1"]
[WhiteElo "2043"]
[BlackElo "2179"]

1.c4 c6 2.e4 e5 3.Nf3 d6 4.d4 Nd7 5.Be2 Ngf6 6.Nc3 Be7 7.O-O Qc7 8.h3 O-O
9.Be3 Re8 10.Qc2 Nf8 11.Rfd1 Ng6 12.Rac1 b6 13.b4 Bd7 14.Qb1 Qb7 15.a4 Rab8
16.b5 c5 17.dxe5 dxe5 18.Nd5 Nxd5 19.cxd5 Bd6 20.Nd2 Nf4 21.Bf1 Qc7 22.Nc4 h6
23.Kh2 g5 24.g3 Ng6 25.Be2 Rf8 26.Bd3 Kg7 27.Qb2 f6 28.Be2 Rh8 29.Bh5 Ne7
30.Rg1 Rhf8 31.Nxd6 Qxd6 32.Ra1 Qc7 33.Qd2 Nc8 34.h4 Nd6 35.hxg5 hxg5 36.f3 Rh8
37.g4 Be8 38.Bxg5 fxg5 39.Qxg5+ Kf8 40.Qf6+ Nf7 41.Rad1 Qe7 42.Qxe7+ Kxe7
43.Kg3 Nd6 44.Rh1 Kf6 45.Rd2 Rb7 46.Rdh2 Rbh7 47.Kf2 Kg5 48.Rg2 Bg6 49.Ke3 Kf6
50.Rgh2 Kg5 51.Rg2 Rf8 52.Rh3 Rf4 53.Rgh2 Bxe4 54.fxe4 Rxe4+ 55.Kf3 Rxa4
56.Re2 e4+ 57.Kg2 Re7 58.Rb3 Rd4 59.Rh3 c4 60.Rh1 c3 61.Re3 Rd2+ 62.Kg3 c2
63.Rc1 Rc7 64.Be8 Nxe8 65.Rxe4 Rc3+  0-1

[Event "ch-FRA National 1"]
[Site "Lille FRA"]
[Date "2005.05.05"]
[Round "8"]
[White "Aguettaz,M"]
[Black "Saada,J"]
[Result "1/2-1/2"]
[WhiteElo "2342"]
[BlackElo "2250"]

1.c4 c6 2.Nf3 d5 3.g3 Nf6 4.Bg2 Bg4 5.Ne5 Be6 6.cxd5 Bxd5 7.Nf3 c5 8.O-O e6
9.a3 Be7 10.b4 cxb4 11.axb4 O-O 12.b5 b6 13.Nc3 Bb7 14.Qc2 a6 15.Bb2 axb5
16.Nxb5 Nbd7 17.Rxa8 Qxa8 18.Ra1 Qb8 19.Na7 Bc5 20.Qa4 b5  1/2-1/2

[Event "ch-FRA National 1"]
[Site "Lille FRA"]
[Date "2005.05.05"]
[Round "8"]
[White "Lerner,F"]
[Black "Hareux,H"]
[Result "1/2-1/2"]
[WhiteElo "2108"]
[BlackElo "2259"]

1.c4 c6 2.e4 d5 3.exd5 cxd5 4.cxd5 Nf6 5.Nc3 Nxd5 6.d4 e6 7.Nf3 Be7 8.Bc4 O-O
9.O-O Nxc3 10.bxc3 Qc7 11.Qe2 Nc6 12.Bb2 b6 13.Bd3 Bb7 14.Rac1 Bf6 15.c4 Qf4
16.Rfd1 Rfd8 17.Qe3 Qg4 18.Be4 Rac8 19.Ba1 Na5 20.Bxb7 Nxb7 21.Rc2 Na5 22.Qe2 Rc7
23.h3 Qf4 24.g3 Qd6 25.Rdc1 Rdc8 26.c5 bxc5 27.Qb5 Qb6 28.Qa4 Nb7 29.Rb2 Qa5
30.Qxa5 Nxa5 31.Rb5 Nb7 32.Rcb1 Nd8 33.Kg2 c4 34.Rc1 Kf8 35.Ne5 Nb7 36.Bc3 Be7
37.Kf3 Nd6 38.Ra5 Nf5 39.Rb1 Bd6 40.Ke4 Ne7 41.Ra6 Bxe5 42.Kxe5 Nd5 43.Ba5 Rd7
44.Rc1 Ke7 45.Ke4 Rb7 46.Rc2 f5+ 47.Kf3 Kf6 48.Re2 Nb6 49.Bc3 Kf7 50.Rb2 Rd7
51.Rb5 Nd5 52.Ra3 Rcc7 53.Rc5 Ke7 54.Ba5 Rxc5 55.dxc5 e5 56.Ra4 e4+ 57.Ke2 Rc7
58.Rxc4 Rc6 59.Bc3 Nxc3+ 60.Rxc3 Ke6 61.Ke3 Kd5 62.Ra3 Rc7 63.Kf4 g6 64.Ra5 Rf7
65.h4 Kc4 66.a3 Kd3 67.c6 Ke2 68.Rc5 Rc7 69.Rc2+ Kd3 70.Rc5 a6 71.h5 Ke2
72.Rc2+ Kd3 73.Rc5 Ke2  1/2-1/2

[Event "Capablanca Mem Premier 1"]
[Site "Havana CUB"]
[Date "2005.05.06"]
[Round "1"]
[White "Kallio,H"]
[Black "Abreu,A"]
[Result "0-1"]
[WhiteElo "2469"]
[BlackElo "2440"]

1.c4 c6 2.b3 d5 3.Bb2 Bf5 4.Nf3 e6 5.g3 h6 6.Bg2 Nd7 7.O-O Ngf6 8.d3 Be7
9.Nbd2 O-O 10.Qc2 Bh7 11.Rad1 a5 12.e4 dxe4 13.dxe4 a4 14.Qc3 axb3 15.axb3 Qb6
16.e5 Ne8 17.Ne4 Nc5 18.Nfd2 Rd8 19.Nxc5 Bxc5 20.Ne4 Bxe4 21.Bxe4 Bxf2+ 22.Kg2 Bc5
23.Rxd8 Qxd8 24.Bc2 Qe7 25.g4 f6 26.Qd3 f5 27.Bc1 Qh4 28.h3 g6 29.Qg3 Qxg3+
30.Kxg3 Kh7 31.Rd1 Rf7 32.gxf5 gxf5 33.Rd8 Ng7 34.Kf3 Bb6 35.Rd1 Bc7 36.Bf4 Nh5
37.Bh2 Nf6 38.b4 Nd7 39.Re1 Kg7 40.Bf4 Rf8 41.Rg1+ Kh7 42.Rd1 Rd8 43.c5 Nf8
44.Rxd8 Bxd8 45.b5 cxb5 46.Bb3 Kg6 47.Bd2 Be7  0-1

[Event "Capablanca Mem Mixto"]
[Site "Havana CUB"]
[Date "2005.05.07"]
[Round "2"]
[White "Pazos Gambarrotti,P"]
[Black "Marrero,Y"]
[Result "1-0"]
[WhiteElo "2421"]
[BlackElo "2291"]

1.c4 c6 2.e4 d5 3.exd5 cxd5 4.cxd5 Nf6 5.Qa4+ Nbd7 6.Nc3 g6 7.Nf3 Bg7 8.Bc4 O-O
9.d3 a6 10.Qa3 Nb6 11.Qb3 Bg4 12.Ne5 Bf5 13.O-O Nxc4 14.dxc4 Qc7 15.Re1 Rac8
16.Bf4 Nh5 17.Nxg6 Nxf4 18.Nxe7+ Kh8 19.Nxf5 Rg8 20.Re7 Nh3+ 21.gxh3 Bf6+
22.Ng3 Qxe7 23.Kh1 Bd4 24.Nce2 Bxf2 25.Qc3+ f6 26.Rf1 Bxg3 27.Nxg3 Rg6 28.h4 Qe5
29.h5 Qxc3 30.bxc3 Rg4 31.Nf5 Rg5 32.Nd6 Rc7 33.Rxf6 Kg8 34.Re6 b5 35.h6 Kh8
36.Rf6 Kg8 37.Re6 Kh8 38.Ne4 Rg8 39.c5 Rf7 40.Nf6 Rgf8 41.c6 a5 42.d6 b4
43.cxb4 axb4 44.c7 b3 45.axb3 Ra8 46.Re8+ Rf8 47.d7  1-0

[Event "Open"]
[Site "Znojmo CZE"]
[Date "2005.05.16"]
[Round "3"]
[White "Golcman,E"]
[Black "Kozak,Mi"]
[Result "1/2-1/2"]
[WhiteElo "2325"]
[BlackElo "2257"]

1.c4 c6 2.d4 d5 3.Qb3 Nf6 4.Nf3 e6 5.Nc3 dxc4 6.Qxc4 b5 7.Qd3 Nbd7 8.Bf4 Bb7
9.e3 a6 10.Rd1 Be7 11.Be2 O-O 12.O-O c5 13.dxc5 Nxc5 14.Qxd8  1/2-1/2

[Event "ch-UKR sf"]
[Site "Alushta UKR"]
[Date "2005.05.17"]
[Round "2"]
[White "Vypkhanyuk,I"]
[Black "Fingerov,D"]
[Result "1/2-1/2"]
[WhiteElo "2263"]
[BlackElo "2361"]

1.c4 c6 2.d4 d5 3.Nc3 dxc4 4.e4 b5 5.a4 b4 6.Na2 Nf6 7.e5 Nd5 8.Bxc4 e6 9.Nf3 Be7
10.Bd2 a5 11.Nc1 Qb6 12.Nb3 Nd7 13.Bg5 Ba6 14.Qc2 Rc8 15.O-O c5 16.Bxe7 Bxc4
17.Qxc4 Nxe7 18.Rac1 O-O 19.dxc5 Qb8 20.Qe4 Qa7 21.Rfd1 Nxc5 22.Nxc5 Rxc5
23.Qd4 Rxc1 24.Rxc1 Qb7 25.h3 Rc8 26.Rc5 h6 27.Nd2 Nf5 28.Qe4 Qd7 29.Rxc8+ Qxc8
30.Nb3 Qa6 31.Nc5 Qc8 32.Nb3 Qd8 33.Kh2 h5 34.Qc4 h4 35.Qb5 Qd1 36.Nc5 Qe1
37.Nd3 Qe2 38.Kg1 Kh7 39.Qc4 g5 40.Kh2 Ne7 41.Qb5 Nd5 42.Qd7 Kg7 43.Qb5 Qc2
44.Kg1 b3 45.Kh2 Nc7 46.Qd7 Nd5 47.Qb5 Nf4 48.Nxf4 gxf4 49.Qxa5 Qxb2 50.Qb4 Qxe5
51.f3 b2 52.a5 Qxa5 53.Qxa5 b1=Q 54.Qe5+ Kg8 55.Qxf4 Qe1 56.Qg5+ Kf8  1/2-1/2

[Event "FSGM May"]
[Site "Budapest HUN"]
[Date "2005.05.17"]
[Round "11"]
[White "Paschall,W"]
[Black "Varadi,V"]
[Result "1-0"]
[WhiteElo "2400"]
[BlackElo "2430"]

1.c4 c6 2.Nf3 d5 3.d4 e6 4.Nbd2 f5 5.g3 Nf6 6.Bg2 Bd6 7.O-O O-O 8.b3 b6 9.Bb2 Bb7
10.Ne5 Nbd7 11.Rc1 Rc8 12.Rc2 Qe7 13.Qa1 Ne4 14.Ndf3 c5 15.cxd5 exd5 16.Nxd7 Qxd7
17.dxc5 bxc5 18.e3 a5 19.Rd1 a4 20.Ne5 Qe7 21.Nd3 axb3 22.axb3 d4 23.exd4 cxd4
24.Rxc8 Rxc8 25.Bxd4 Ng5 26.Re1 Qf7 27.Qa7 Ne4 28.Qb6 Bd5 29.Ne5 Bxe5 30.Bxe5 Nd2
31.Bf4 Bxg2 32.Bxd2 Be4 33.Qe3 Rd8 34.f3 Rd3 35.Qb6 Rxf3 36.Rc1 h6 37.Rc8+ Kh7
38.Rc7 Qh5 39.Qd4 Qg4 40.Rc3 h5 41.Qe5 h4 42.Bf4 h3 43.Be3 Rxe3 44.Rxe3 Qd1+
45.Kf2 Qh1 46.g4 Qg2+ 47.Ke1 Qg1+ 48.Kd2 Qf2+ 49.Re2 Qf3 50.gxf5 Qd3+ 51.Ke1 Bxf5
52.b4 g6 53.Qe7+ Kg8 54.Rd2 Qc3 55.Qc5 Qa1+ 56.Rd1 Qb2 57.Rd8+ Kf7 58.Qf8+ Ke6
59.Rd6+ Ke5 60.Qf6+  1-0

[Event "48th TCh-SCG"]
[Site "Herceg Novi SCG"]
[Date "2005.05.17"]
[Round "3"]
[White "Raicevic,M"]
[Black "Kalezic,B"]
[Result "1/2-1/2"]
[WhiteElo "2351"]
[BlackElo "2445"]

1.c4 c6 2.Nf3 d5 3.b3 Bg4 4.Ne5 Bf5 5.Bb2 Nf6 6.d3 e6 7.Nd2 Nbd7 8.Nxd7 Qxd7
9.g3 Be7 10.Bg2 O-O 11.O-O Rfd8 12.Qc2 h6 13.Rab1 a5 14.Nf3 Bh7 15.a3 Qe8
16.b4 axb4 17.axb4 Nd7 18.Ra1 Bf6 19.Bxf6  1/2-1/2

[Event "Open"]
[Site "Znojmo CZE"]
[Date "2005.05.17"]
[Round "4"]
[White "Szudra,H"]
[Black "Vavrousek,P"]
[Result "0-1"]
[WhiteElo "2045"]
[BlackElo "1927"]

1.c4 c6 2.d4 d5 3.cxd5 cxd5 4.Nf3 Nf6 5.Nc3 Nc6 6.Bf4 Ne4 7.e3 Nxc3 8.bxc3 g6
9.Qb3 Bg7 10.Be2 O-O 11.O-O Re8 12.Bb5 e6 13.Ne5 Bxe5 14.Bxe5 Bd7 15.Bxc6 Bxc6
16.c4 dxc4 17.Qxc4 Qg5 18.Bg3 Rec8 19.Rfc1 h5 20.h4 Qg4 21.Qc5 Bd5 22.Qxc8+ Rxc8
23.Rxc8+ Kg7 24.Kh2 Qe4 25.f3 Qxe3 26.Be5+ f6 27.Rc7+ Kh6 28.Bd6 g5 29.hxg5+ fxg5
30.Be5 Qf2  0-1

[Event "Open"]
[Site "Znojmo CZE"]
[Date "2005.05.18"]
[Round "5"]
[White "Blahacek,E"]
[Black "Kozak,Mi"]
[Result "1/2-1/2"]
[WhiteElo "2161"]
[BlackElo "2257"]

1.c4 c6 2.e4 d5 3.exd5 cxd5 4.cxd5 Nf6 5.Qa4+ Nbd7 6.Nc3 g6 7.Nf3 Bg7 8.Be2 O-O
9.d6 Nc5 10.Qa3 exd6 11.O-O Re8 12.Bb5 Bd7 13.Bxd7 Qxd7 14.d4 Nce4 15.Nxe4 Nxe4
16.Be3 a6 17.Rac1 Rac8 18.Qd3 f5 19.h3  1/2-1/2

[Event "Dueball mem"]
[Site "Solingen GER"]
[Date "2005.05.23"]
[Round "2"]
[White "Wegerle,J"]
[Black "Pilaj,H"]
[Result "1-0"]
[WhiteElo "2395"]
[BlackElo "2426"]

1.c4 c6 2.Nc3 d5 3.cxd5 cxd5 4.d4 Nf6 5.Nf3 Nc6 6.Bf4 a6 7.Rc1 Bg4 8.Ne5 Nxe5
9.Bxe5 e6 10.Qb3 Nd7 11.Qxb7 Nxe5 12.dxe5 Be7 13.Qc6+ Kf8 14.e3 Rb8 15.Bxa6 Rxb2
16.O-O Rb6 17.Qc8 Qxc8 18.Bxc8 Rb8 19.Ba6 g5 20.a4 Rb3 21.Ne2 Kg7 22.Nd4 Ra3
23.Bb5 Ra8 24.h3 Bh5 25.Ra1 Bg6 26.Nc6 Bc5 27.Rxa3 Bxa3 28.Ra1 Bc5 29.a5 f6
30.Rc1 Ba3 31.Rc3 Bf8 32.a6 Be8 33.Bd3 fxe5 34.Nxe5 Kf6 35.Ng4+ Ke7 36.Rc7+ Kd6
37.Rxh7 e5 38.Rb7 Bc6 39.Rf7 e4 40.Rf6+ Kc5 41.Be2 Rb8 42.g3 Be7 43.Rf7 Bd6
44.Rf5 Rb2 45.Bf1 Rb1 46.Kg2 Kb6 47.Ne5 Ba8 48.Rf6 Kc7 49.Rf7+ Kb6 50.Nd7+ Kc7
51.Nf8+ Kb6 52.Rf6 Kc7 53.Ne6+ Kd7 54.Nd4 Bc6 55.Rf7+ Ke8 56.Rh7  1-0

[Event "VII Open"]
[Site "Salou ESP"]
[Date "2005.05.24"]
[Round "5"]
[White "Gonzalez Garcia,J"]
[Black "Peralta,Fe"]
[Result "1/2-1/2"]
[WhiteElo "2469"]
[BlackElo "2556"]

1.c4 c6 2.e4 d5 3.exd5 cxd5 4.d4 Nf6 5.Nc3 e6 6.Nf3 Bb4 7.Bd3 dxc4 8.Bxc4 Qc7
9.Qe2 O-O 10.O-O Bxc3 11.bxc3 Nbd7 12.Ne5 Nxe5 13.dxe5 Nd7 14.Ba3 Nxe5 15.Bxf8 Nxc4
16.Be7 b6 17.Rfd1 Bb7 18.Rd8+ Rxd8 19.Bxd8 Qc6 20.f3 Qc5+ 21.Qf2 Qc8 22.Rd1 Bd5
23.Bh4 h6 24.Qe2 Qc6 25.Bf2 Qa4 26.h3 f6 27.Rd4 Qc6 28.Rd1 Qa4 29.Rd4 Qc6  1/2-1/2

[Event "Chigorin CC"]
[Site "St Petersburg RUS"]
[Date "2005.05.24"]
[Round "8"]
[White "Vunder,Y"]
[Black "Fedoseev,S"]
[Result "0-1"]
[WhiteElo "2237"]
[BlackElo "2302"]

1.c4 c6 2.Nf3 Nf6 3.d4 d6 4.Nc3 Nbd7 5.Qc2 e5 6.e3 g6 7.Be2 Bg7 8.O-O O-O
9.b4 Re8 10.b5 c5 11.dxe5 dxe5 12.Rd1 e4 13.Nd2 Qe7 14.Bb2 Qe6 15.Nd5 Nxd5
16.cxd5 Qe7 17.d6 Qe6 18.Bxg7 Kxg7 19.Nb3 Qf5 20.a4 b6 21.a5 Bb7 22.Bc4 Rab8
23.axb6 axb6 24.Ra7 Qe5 25.Qa2 Red8 26.Bxf7 Nf6 27.Bc4 Ng4 28.Qa1 Kf6 29.Be2 Qxa1
30.Raxa1 Ne5 31.Nd2 Bd5 32.Ra4 Ke6 33.Nc4 Nxc4 34.Bxc4 Rxd6 35.Bxd5+ Rxd5
36.Rxe4+ Kd6 37.Rc1 Rd2 38.Rf4 Rb7 39.Rb1 Kd5 40.g4 c4 41.Rc1 Rc7 42.Rc3 g5
43.Rf5+ Ke6 44.Rxg5 Rd5 45.Rg8 Rxb5 46.f4 Rb1+ 47.Kf2 b5 48.Re8+ Kd5 49.Re5+ Kd6
50.Re4 Kc5 51.Rc2 Kb4 52.Rd2 Kb3 53.Rdd4 c3 54.Rb4+ Ka2 55.Rxb1 Kxb1 56.Rb4+ Ka2
57.Rxb5 c2 58.Ra5+ Kb2  0-1

[Event "TCh-ROM A"]
[Site "Tusnad ROM"]
[Date "2005.05.24"]
[Round "4"]
[White "Sfarlog,T"]
[Black "Valeanu,E"]
[Result "1/2-1/2"]
[WhiteElo "2016"]
[BlackElo "2381"]

1.c4 c6 2.Nf3 d5 3.b3 dxc4 4.bxc4 e5 5.Nc3 Bd6 6.g3 Nf6 7.Bg2 O-O 8.O-O Na6
9.d3 h6 10.Nd2 Nc5 11.Nde4 Nfxe4 12.Nxe4 Nxe4 13.Bxe4 Bh3 14.Bg2 Bxg2 15.Kxg2 Qe7
16.Qb3 Kh8 17.a4 f5 18.Ba3 Bxa3 19.Qxa3 Qe6 20.Rab1 Rf7 21.Qc5 b6 22.Qa3 e4
23.a5 bxa5 24.dxe4 fxe4 25.Qxa5 Qxc4 26.Qh5 Raf8 27.f4 exf3+ 28.exf3 Rf5
29.Qg6 Rxf3 30.Rxf3 Qe2+ 31.Kh3 Qxf3 32.Rb7 Qf5+ 33.Qxf5 Rxf5 34.Rxa7 Rf2
35.Rc7 Rc2 36.g4 Kh7 37.Kg3 Kg6 38.h4 Kf6 39.g5+ Kg6 40.gxh6 gxh6 41.Re7 Rc3+
42.Kg4 h5+ 43.Kf4 Kf6 44.Re8 Rc4+ 45.Kg3 Rg4+ 46.Kh3 Rc4 47.Kg3 Rc3+ 48.Kg2 Kf5
49.Rg8 Kf4 50.Rg5 Rc2+ 51.Kh3 c5 52.Rxh5 Rc3+ 53.Kg2 Kg4 54.Rg5+ Kxh4 55.Rg8 Ra3
56.Kf2  1/2-1/2

[Event "Summer"]
[Site "Alushta UKR"]
[Date "2005.05.25"]
[Round "1"]
[White "Belikov,V"]
[Black "Shtyrenkov,V"]
[Result "1/2-1/2"]
[WhiteElo "2517"]
[BlackElo "2447"]

1.c4 c6 2.d4 d5 3.cxd5 cxd5 4.Nf3 Nc6 5.Nc3 Nf6 6.Bf4 Bf5 7.e3 e6 8.Bb5 Nd7
9.O-O Be7 10.Rc1 Rc8 11.h3 O-O  1/2-1/2

[Event "Cup Belarus"]
[Site "Minsk BLR"]
[Date "2005.05.25"]
[Round "5"]
[White "Meshkov,Y"]
[Black "Ginzburg,Mi"]
[Result "1-0"]
[WhiteElo "2385"]
[BlackElo "2329"]

1.c4 c6 2.Nf3 d5 3.d4 Nf6 4.Nc3 a6 5.e3 b5 6.c5 g6 7.Bd2 Bg7 8.b4 Bg4 9.a4 Nbd7
10.Qb3 O-O 11.Bd3 Bxf3 12.gxf3 e5 13.axb5 axb5 14.Rxa8 Qxa8 15.O-O exd4 16.exd4 Nh5
17.Be3 Re8 18.Nxb5 cxb5 19.Bxb5 Rd8 20.Bxd7 Rxd7 21.b5 Bf8 22.b6 Ng7 23.Qb5 Re7
24.c6 Ne6 25.Qxd5 Re8 26.Rb1 Rd8 27.b7 Qb8 28.Qxd8 Nxd8 29.c7 Qxc7 30.b8=Q Qd7
31.Qa8 Qf5 32.Rb8 Ne6 33.Qe4  1-0

[Event "VII Open"]
[Site "Salou ESP"]
[Date "2005.05.26"]
[Round "7"]
[White "Wintzer,J"]
[Black "Peralta,Fe"]
[Result "1/2-1/2"]
[WhiteElo "2333"]
[BlackElo "2556"]

1.c4 c6 2.Nc3 d5 3.d4 dxc4 4.e4 b5 5.a4 b4 6.Na2 Nf6 7.e5 Nd5 8.Bxc4 e6 9.Nf3 Be7
10.O-O a5 11.Bd2 Ba6 12.Qe2 Bxc4 13.Qxc4 Nb6 14.Qc2 Qd5 15.Nc1 N8d7 16.Nb3 c5
17.dxc5 Nxc5 18.Nxc5 Qxc5 19.Qe4 O-O 20.Rfc1 Qd5 21.Qxd5 Nxd5 22.Rc6 Rfc8
23.Rac1 Rxc6 24.Rxc6 Kf8 25.b3 Ke8 26.Kf1 Kd7 27.Rc1 Bd8 28.Be3 Bc7 29.Bd4 f6
30.g3 h6 31.Ke2 Ra6 32.Kd3 f5 33.h4 Ne7 34.h5 Nc6 35.Rc5 Ra8 36.Rb5 Rg8 37.Be3 g5
38.hxg6 Rxg6 39.Bb6 Bxb6 40.Rxb6 Kc7 41.Rb5 Na7 42.Rc5+ Kb6 43.Rc4 Nc6 44.Ke3 h5
45.Rh4 Rg4 46.Rxh5 Re4+ 47.Kd3 Nxe5+ 48.Nxe5 Rxe5 49.Rh8 Rd5+ 50.Ke3 Rc5
51.Rf8 Re5+ 52.Kd3  1/2-1/2

[Event "Dueball mem"]
[Site "Solingen GER"]
[Date "2005.05.26"]
[Round "5"]
[White "Balduan,M"]
[Black "Westerinen,H"]
[Result "0-1"]
[WhiteElo "2348"]
[BlackElo "2365"]

1.c4 c6 2.e4 d5 3.exd5 cxd5 4.cxd5 Nf6 5.Bb5+ Nbd7 6.Nc3 g6 7.d4 Bg7 8.d6 O-O
9.dxe7 Qxe7+ 10.Nge2 Nb6 11.O-O Bf5 12.Re1 Rfd8 13.Bg5 h6 14.Bh4 g5 15.Bg3 Rac8
16.Be5 Qb4 17.Bd3 Be6 18.Rb1 Nbd7 19.a3 Qf8 20.Bxf6 Nxf6 21.Qa4 a6 22.Rbd1 Qd6
23.Ne4 Nxe4 24.Bxe4 Qb6 25.Qb4 Qxb4 26.axb4 Rc4 27.Bxb7 Rxb4 28.Bxa6 Rxb2
29.Rb1 Ra2 30.Ra1 Rxa1 31.Rxa1 Ra8 32.Ra4 Bb3 33.Ra5 Bc4 34.Bxc4 Rxa5 35.g4 Ra4
36.Bb3 Rb4 37.Bc2 Bxd4 38.Nxd4 Rxd4 39.h3 Rc4 40.Bf5 Kg7 41.Kg2 Kf6 42.Bd3 Rc3
43.Bb1 Ke5 44.Bh7 Kd4 45.Bg8 f6 46.Bh7 Ra3 47.Bg8 Kd3 48.Bd5 Ke2 49.Bc4+ Ke1
50.f3 Kd2 51.Kf2 Kc3 52.Bd5 Kd4 53.Be4 Ra2+ 54.Kg3 Ke3 55.Bc6 Ra1 56.h4 Rg1+
57.Kh2 Kf2  0-1

[Event "Dueball mem"]
[Site "Solingen GER"]
[Date "2005.05.27"]
[Round "7"]
[White "Odendahl,R"]
[Black "Pilaj,H"]
[Result "1/2-1/2"]
[WhiteElo "2389"]
[BlackElo "2426"]

1.c4 c6 2.g3 d5 3.Bg2 Nf6 4.Nf3 Bg4 5.Ne5 Be6 6.cxd5 Bxd5 7.Nf3 c5 8.Nc3 Bc6
9.O-O e6 10.d4 Nbd7 11.Be3 a6 12.Rc1 cxd4 13.Qxd4 Bc5 14.Qd3  1/2-1/2

[Event "TCh-IRI"]
[Site "Tehran IRI"]
[Date "2005.05.27"]
[Round "2"]
[White "Abbasov,F"]
[Black "Salehzadeh,M"]
[Result "1-0"]
[WhiteElo "2451"]
[BlackElo "2166"]

1.c4 c6 2.e4 d5 3.exd5 cxd5 4.cxd5 Nf6 5.Nc3 Nxd5 6.d4 Nxc3 7.bxc3 g6 8.Nf3 Bg7
9.Bb5+ Bd7 10.Bd3 O-O 11.O-O Nc6 12.Rb1 Qc7 13.Ba3 Be6 14.Ng5 Bxa2 15.Rb2 h6
16.Rxa2 hxg5 17.Re2 Bf6 18.Rfe1 Kg7 19.g3 Rfe8 20.Bb5 a6 21.Ba4 b5 22.Bc2 Na5
23.Qd3 Nc4 24.Bc1 Nd6 25.h4 g4 26.h5 Qc4 27.hxg6 Qxd3 28.Bxd3 fxg6 29.Ba3 Red8
30.Re6 Rh8 31.Be2 Kf7 32.Bxg4 Rad8 33.Bf3 Rhf8 34.Bb4 Rd7 35.Bd5 Kg7 36.Ra1 Nf5
37.Be4 Nd6 38.Rxa6 Nxe4 39.Rxe4 Rb7 40.Ree6 Kf7 41.Kg2 Rh8 42.f4 Rc8 43.Reb6 Rcb8
44.Rxb7 Rxb7 45.Kf3 e6 46.Ke4 Bg7 47.Bc5 Bf6 48.Kd3 Bg7 49.Kc2 Bf6 50.Kb3 g5
51.Kb4 gxf4 52.gxf4 Be7 53.Rc6 Bxc5+ 54.dxc5 Kf6 55.Rd6 Kf5 56.Rd4 e5 57.fxe5 Kxe5
58.c6 Rb8 59.Kc5 Ke6 60.c7 Rc8  1-0